| 000 | 00711 a2200193 4500 | ||
|---|---|---|---|
| 020 | _a052183113X | ||
| 020 | _a9780521831130 | ||
| 082 | _a530.12 | ||
| 090 |
_c886 _d886 |
||
| 100 | _aBarrow, John D. | ||
| 245 | 1 | 0 |
_aScience and ultimate reality : _bquantum theory, cosmology, and complexity / _cJohn D. Barrow, Paul C. W. Davies, Charles L. Harper Jr. |
| 260 |
_a[S.l.] : _bCambridge University Press, _c2004. |
||
| 300 |
_a742 p. ; _c25 cm. |
||
| 700 | 1 | _aBarrow, John D. | |
| 700 | 1 | _aDavies, Paul C. W. | |
| 700 | 1 | _aJr, Charles L. Harper | |
| 942 |
_aSNS _cBK _k530.12 BAR |
||
| 999 |
_c29509 _d29509 |
||